Stalin: un mundo nuevo visto a través de un hombre

Uloženo v:
Podrobná bibliografie
Hlavní autor: Barbusse, Henri (Autor)
Médium: Kniha
Jazyk:španělština
Vydáno: Santiago Ercilla 1936
Vydání:1a. ed
Edice:Biblioteca Saber. Colección Grandes Obras
Témata:
Tagy: Přidat tag
Žádné tagy, Buďte první, kdo vytvoří štítek k tomuto záznamu!

MARC

LEADER 00000cam a2200000 a 4500
001 UCX0169
003 CL-VaPUC
008 890823e19360000CL |||||||||||||||||spa|d
082 0 4 |a 923.2  |b BAR  |2 21 
100 0 |a Barbusse, Henri  |e author  |9 315560 
245 1 0 |a Stalin: un mundo nuevo visto a través de un hombre 
250 |a 1a. ed 
300 |a 256 p 
942 |c BK 
945 |d 19890823 00:00:00 
260 |a Santiago  |b Ercilla  |c 1936 
600 0 7 |a STALIN, JOSEPH  |2 CL-VaPUC  |9 313919 
650 0 |a Políticos   |9 256302 
650 0 |a Biografías  |9 255210 
650 0 |a Política y gobierno  |9 255151 
651 0 |a Unión Soviética  |9 256769 
583 |a last modification  |c 20160714 10:24:53  |k Rodrigo Vera 
490 0 |a Biblioteca Saber. Colección Grandes Obras 
999 |c 221866  |d 221864 
952 |0 0  |1 0  |4 0  |6 923_200000000000000_BAR_1936  |7 0  |8 X  |9 215863  |a BIBHIS  |b BIBHIS  |d 2019-11-15  |i 2844095  |o 923.2 BAR 1936  |p 2844095  |r 2024-01-30  |w 2019-11-15  |y BK_X  |k HIS 
952 |0 0  |1 0  |3 erd  |4 0  |6 923_200000000000000_BAR_1936  |7 0  |8 A  |9 215864  |a FDOHBE  |b FDOHBE  |e Huesbe Llanos, Marco Antonio, 1934-  |i 5307775  |o 923.2 BAR 1936  |p 5307775  |r 2024-01-30  |w 2019-11-15  |y BK  |z Catalogado en:20160717  |k HBE